LEADER 01188nam--2200373---450- 001 990002818890203316 005 20060926105029.0 010 $a88-464-6599-7 035 $a000281889 035 $aUSA01000281889 035 $a(ALEPH)000281889USA01 035 $a000281889 100 $a20060926d2005----km-h0itay50------ba 101 $aita 102 $aIT 105 $a||||||||001yy 200 1 $a<> teatro possibile$elinee organizzative e tendenze del teatro italiano$fMimma Gallina$gprefazione di Oliviero Ponte di Pino$econ contributi di Anna Chiara Altieri ...[et al.] 210 $aMilano$cFrancoAngeli$dCopyr. 2005 215 $a380 p.$cill.$d23 cm 225 2 $aAzienda moderna$v597 410 0$12001$aAzienda moderna$v597 606 0 $aTeatro$xOrganizzazione$yItalia 676 $a792.0945 700 1$aGALLINA,$bMimma$0147989 702 1$aPONTE DI PINO,$bOliviero 702 1$aALTIERI,$bAnna Chiara 801 0$aIT$bsalbc$gISBD 912 $a990002818890203316 951 $aIRA 20 207$b14269 E.C.$cIRA 20$d00118493 959 $aBK 969 $aECO 979 $aRENATO$b90$c20060926$lUSA01$h1050 996 $aTeatro possibile$9994667 997 $aUNISA LEADER 01623nam 2200421Ia 450 001 996393999203316 005 20221108090917.0 035 $a(CKB)3450000000103256 035 $a(EEBO)2264187301 035 $a(OCoLC)12627603 035 $a(EXLCZ)993450000000103256 100 $a19851002d1685 uy | 101 0 $aeng 135 $aurbn||||a|bb| 200 12$aA learned discourse on various subjects, viz., of the rise and power of parliaments$b[electronic resource] $eof laws, of courts of judicature, of liberty, property, and religion, of taxes, trade, and of the interest of England in reference to France 210 $aLondon $cPrinted and are to be sold by H. Sawbridge ...$d1685 215 $a[34], 7-245, [2] p 300 $aFirst published as: A discourse of the rise and power of parliaments. 1677. 300 $aAttributed to Thomas Sheridan. Cf. NUC pre-1956. 300 $aErrata on p. [2] at end. 300 $aReproduction of original in Law School Library, Harvard University. 300 $aMarginal notes. 330 $aeebo-0061 606 $aLaw$zEngland 607 $aGreat Britain$xPolitics and government$y1660-1688 607 $aFrance$xForeign relations$zGreat Britain 607 $aGreat Britain$xForeign relations$zFrance 615 0$aLaw 700 $aSheridan$b Thomas$f1646-ca. 1688.$01004561 801 0$bEAA 801 1$bEAA 801 2$bm/c 801 2$bUMI 801 2$bWaOLN 906 $aBOOK 912 $a996393999203316 996 $aA learned discourse on various subjects, viz., of the rise and power of parliaments$92307714 997 $aUNISA